000
00309nam a2200109Ia 4500
008
171211s9999 xx 000 0 und d
245
_a
Lacandon Maya-Spanish-English Dictionary
245
_c
Charles A Hofling
260
_c
2014
650
_x
CULTURE
856
_u
http://down.ebook777.com/064/9781607813415.pdf
999
_c
347777
_d
347777